000 00830nam a2200241Ia 4500
999 _c40250
_d40250
001 6858
003 GE_BSU
005 20230804172815.0
008 181216s1989||||ru |||||||||||||| ||rus||
020 _a5724502569.
040 _cGE_BSU
041 _arus
080 _a547(075.32) П-64
100 _aПотапов, В. М.
_919611
245 _aОрганическая химия :
_bУчебник для техникумов /
_cВ. М. Потапов, С. Н. Татаринчик.
250 _a4-е изд.перераб.и доп.
264 _aМосква :
_bХимия,
_c1989.
300 _a448 стр. :
_bил. ;
_c20 cm.
653 _aОрганическая химия
653 _aУчебник для техникумов
700 _aТатаринчик,С.Н.
_cАвтор
_919612
942 _cBK
_2udc